书目信息 |
| 题名: |
材料物理性能剖析及其应用研究
|
|
| 作者: | 王玉生 著 | |
| 分册: | ||
| 出版信息: | 北京 中国水利水电出版社 2017.10 |
|
| 页数: | 308页 | |
| 开本: | 24cm | |
| 丛书名: | ||
| 单 册: | ||
| 中图分类: | TB303 | |
| 科图分类: | ||
| 主题词: | 工程材料--物理性能--研究 | |
| 电子资源: | ||
| ISBN: | 978-7-5170-6004-8 | |
| 000 | 00952nam0 2200217 450 | |
| 001 | 4967 | |
| 005 | 20181013162950.80 | |
| 010 | @a978-7-5170-6004-8@dCNY88.00 | |
| 100 | @a20171106d2017 em y0chiy0110 ea | |
| 101 | 0 | @achi |
| 102 | @aCN@b110000 | |
| 105 | @ay z 000yy | |
| 200 | 1 | @a材料物理性能剖析及其应用研究@9cai liao wu li xing neng pou xi ji qi ying yong yan jiu@f王玉生著 |
| 210 | @a北京@c中国水利水电出版社@d2017.10 | |
| 215 | @a308页@d24cm | |
| 330 | @a本书着重阐述了材料的电学性能、介电性能、光学性能、热学性能、磁学性能及弹性性能与内耗的重要原理,及微观机制、各种材料成分、组织结构与性能关系及主要制约规律,并在此基础上论述了性能的相关实验,力求理论联系实验,并反映出国内外最新的研究成果与动态。本书结构合理,条理清晰,内容丰富新颖,可供相关材料科学与工程技术人员参考。 | |
| 606 | 0 | @a工程材料@x物理性能@x研究 |
| 690 | @aTB303@v5 | |
| 701 | 0 | @a王玉生@9wang yu sheng@4著 |
| 801 | 0 | @aCN@b91CIP@c20171106 |
| 905 | @aMuseLib@dTB303@e449 | |
| 材料物理性能剖析及其应用研究/王玉生著.-北京:中国水利水电出版社,2017.10 |
| 308页;24cm |
| ISBN 978-7-5170-6004-8:CNY88.00 |
| 本书着重阐述了材料的电学性能、介电性能、光学性能、热学性能、磁学性能及弹性性能与内耗的重要原理,及微观机制、各种材料成分、组织结构与性能关系及主要制约规律,并在此基础上论述了性能的相关实验,力求理论联系实验,并反映出国内外最新的研究成果与动态。本书结构合理,条理清晰,内容丰富新颖,可供相关材料科学与工程技术人员参考。 |
| ● |
| 相关链接 |
|
|
|
|
正题名:材料物理性能剖析及其应用研究
索取号:TB303/449
 
预约/预借
| 序号 | 登录号 | 条形码 | 馆藏地/架位号 | 状态 | 备注 |
| 1 | 1127489 | 211274896 | 第二样本阅览室/ [索取号:TB303/449] | 在馆 | |
| 2 | 1127490 | 211274903 | 第三借阅区/ [索取号:TB303/449] | 在馆 | |
| 3 | 1127491 | 211274912 | 第三借阅区/ [索取号:TB303/449] | 在馆 | |
| 4 | 1127492 | 211274921 | 密集书库-物理学院/ [索取号:TB303/449] | 在馆 | |
| 5 | 1127493 | 211274930 | 第三借阅区/ [索取号:TB303/449] | 在馆 |